000 01113nam a22002297a 4500
008 130821s2012 enka gr eng
020 _a9780199639724
040 _aCO-BoUCM
_bspa
_cAngélica Rojas (modificó)
_dAldemar Mondragón
041 0 0 _aeng
245 0 4 _aThe work of managers towards a practice theory of management
_ceditado por Stefan Tengblad
260 _aOxford (Oxfordshire, Inglaterra)
_bOxford University Press
_c2012
300 _axviii, 365 páginas
_btablas
504 _aIncluye referencias bibliográficas e índices
505 0 _aPart I: Framework. -- Part II: A practive perspective on leadership and managerial work. -- Part III: Operational managerial work. -- Part IV: Administrative managerial work. -- Part V: Managerial work in small businesses. -- Part VI: The way forward
650 7 _aAdministración
_98524
650 7 _aAdministradores de empresas
_98621
650 7 _aLiderazgo
_918533
690 _aAdministración de empresas
700 1 _aTengblad, Stefan
_eeditor
_933899
942 _cLIBRO
_a16
_e1
_mW926
_2DEWEY
_h658.001
999 _c165203
_d165203